000 00489nam a2200181Ia 4500
001 22510
005 20260414150836.0
008 260414t2008||||xx |||||||||||||| ||spa||
041 _aESP
082 _a621.382
_bC24
100 _aCamarillo, Gonzalo
_eAUT
245 4 _aThe 3G IP multimedia subsystem (IMS) :
_bmerging the internet and the cellular worlds
260 _c2008
300 _axxxii, 618 páginas :
_c25 cm.
650 _aTCA
654 _aCET
942 _cLIB
_dJUS
_fJUS
_2ddc
_n
999 _c22510
_d22510